| 000 | 00737cam a22002293a 4500 | ||
|---|---|---|---|
| 001 | 19494 | ||
| 003 | PGUSA | ||
| 005 | 20140828083419.0 | ||
| 008 | 061008s2006||||xxu|||||s|||||000 | eng d | ||
| 040 |
_aPGUSA _beng |
||
| 042 | _adc | ||
| 050 | 4 | _aNA | |
| 100 | 1 |
_aPerkins, Thomas, _cRev, _d1842-1907 |
|
| 245 | 1 | 0 |
_aBell's Cathedrals : _bThe Cathedral Church of Saint Albans : With an Account of the Fabric and a Short History of the Abbey _h[electronic resource] / _cThomas, Perkins |
| 260 |
_bProject Gutenberg, _c2006 |
||
| 506 | _aPublic domain in the USA. | ||
| 516 | _aElectronic text | ||
| 653 | _aSt. Albans Cathedral | ||
| 830 | 0 |
_aProject Gutenberg _v19494 |
|
| 856 | 4 | 0 | _uhttp://www.gutenberg.org/ebooks/19494 |
| 942 | _cEB | ||
| 999 |
_c248749 _d248749 |
||